000 00640nam a2200253Ia 4500
005 20250425162246.0
008 250425s9999 xx 000 0 und d
041 _aspa
082 _a320.9866
245 0 _aPROBLEMAS ECONOMICOS Y POLITICOS INTERNACIONALES DEL ECUADOR
250 _a1A ED.
260 _aEcuador
_bESPOL
_c1978
260 _aGUAYAQUIL
300 _a190
650 _aCONSTITUCION POLITICA-ECUADOR
650 _aECUADOR-HISTORIA
650 _aMAR TERRITORIAL
650 _aPACTO ANDINO
650 _aPETROLEO
650 _aREGIONALIZACION
650 _aSISTEMAS FLUVIALES
942 _c01
010 _a58971
999 _c225553
_d225553